| 000 | 00762nam a2200217Ia 4500 | ||
|---|---|---|---|
| 003 | GCL | ||
| 008 | 140319s9999 xx 000 0 ara d | ||
| 040 |
_aGCL / _cGCL |
||
| 082 | 0 | 4 |
_a153.3 _bر ا |
| 100 | 1 | _aروشكا ، الكسندرو | |
| 245 | 1 | 0 |
_aالابداع العام والخاص ( عالم المعرفة 144 ) / _cروشكا ، الكسندرو |
| 700 | 1 | _aغسان عبدالحى ابو فخر | |
| 260 |
_aالكويت : _bالمجلس الوطنى للثقافة والفنون والاداب ، _c1989 |
||
| 300 |
_a272 ص ؛ _c21 سم |
||
| 490 |
_aعالم المعرفة _v144 |
||
| 650 | 0 | 4 | _aالابتكار |
| 650 | 0 | 4 | _aالتخيل الابداعى |
| 650 | 0 | 4 | _aالتخيل |
| 650 | 0 | 4 | _aالابداع |
| 942 |
_2ddc _cBK |
||
| 999 |
_c51537 _d51537 |
||